02221nam a2200421 a 4500001001200000003000800012006001900020007001500039008004100054010001700095015001900112016001800131020003600149020003300185040002100218035002100239050002700260082002100287100002500308245014500333260005300478300002400531490004300555504006600598505053100664533015201195600004201347630007101389650002101460650001701481650002301498651004501521655002901566710001701595830004401612856012601656999001701782ebr10257210CaPaEBRm u cr cn|||||||||071002s2008 inua sb s001 0 eng  z 2007040650 aGBA8704692bnb7 z0146265372Uk z9780253350886 (cl : alk. paper) z0253350883 (cl : alk. paper) aCaPaEBRcCaPaEBR a(OCoLC)50344361614aBM525.L835bM34 2008eb04a222/.10680922221 aMagid, Shaul,d1958-10aFrom metaphysics to midrashh[electronic resource] :bmyth, history, and the interpretation of Scripture in Lurianic Kabbala /cShaul Magid. aBloomington :bIndiana University Press,cc2008. axii, 349 p. :bill.1 aIndiana studies in biblical literature aIncludes bibliographical references (p. [321]-345) and index.0 aKabbala, new historicism, and the question of boundaries -- The Lurianic myth: a playbill -- Genesis: "And Adam's sin was (very) great": original sin in Lurianic exegesis -- Exodus: The "other" Israel: the �erev rav (mixed multitude) as conversos -- Leviticus: The sin of becoming a woman: male homosexuality and the castration complex -- Numbers: Balaam, Moses, and the prophecy of the "other": a Lurianic vision for the erasure of difference -- Deuteronomy: the human and/as God: divine incarnation and the "image of God". aElectronic reproduction.bPalo Alto, Calif. :cebrary,d2013.nAvailable via World Wide Web.nAccess may be limited to ebrary affiliated libraries.10aLuria, Isaac ben Solomon,d1534-1572.00aBible.pO.T.pPentateuchxCriticism, interpretation, etc., Jewish. 0aCabalaxHistory. 0aMetaphysics. 0aOther (Philosophy) 0aTsefat (Israel)xReligiony16th century. 7aElectronic books.2local2 aebrary, Inc. 0aIndiana studies in biblical literature.40uhttp://site.ebrary.com/lib/rucke/Doc?id=10257210zAn electronic book accessible through the World Wide Web; click to view c13547d13547